000 00453nam a2200193Ia 4500
003 OSt
005 20260108094004.0
008 210210b1985 xxu||||| |||| 00| 0 eng d
040 _cAL
041 _aeng
082 _a823.7 HUGH
100 _aHugo Victor
_9250693
245 _aHunchback of Notre Dame
260 _aMadras
_bMacmillan & Co. Ltd.
_c1985
300 _a127p
690 _aEnglish Fiction
_9250694
906 _a039878
942 _2ddc
_cBK
999 _c89407
_d89407